<?xml version="1.0" encoding="UTF-8"?>
<record
    xmlns:xsi="http://www.w3.org/2001/XMLSchema-instance"
    xsi:schemaLocation="http://www.loc.gov/MARC21/slim http://www.loc.gov/standards/marcxml/schema/MARC21slim.xsd"
    xmlns="http://www.loc.gov/MARC21/slim">

  <leader>01361nam a22002297a 4500</leader>
  <datafield tag="999" ind1=" " ind2=" ">
    <subfield code="c">60456</subfield>
    <subfield code="d">60456</subfield>
  </datafield>
  <controlfield tag="003">Ge_BSU</controlfield>
  <controlfield tag="005">20230724122708.0</controlfield>
  <controlfield tag="008">230724s2022ge  xxu||||| |||| 00| 0 geo d</controlfield>
  <datafield tag="020" ind1=" " ind2=" ">
    <subfield code="a">9789941841262</subfield>
  </datafield>
  <datafield tag="041" ind1=" " ind2=" ">
    <subfield code="a">geo</subfield>
  </datafield>
  <datafield tag="080" ind1=" " ind2=" ">
    <subfield code="a">821.112.2.03=353.1 &#x10DC;-75</subfield>
  </datafield>
  <datafield tag="100" ind1=" " ind2=" ">
    <subfield code="a">&#x10DC;&#x10D8;&#x10EA;&#x10E8;&#x10D4;, &#x10E4;&#x10E0;&#x10D8;&#x10D3;&#x10E0;&#x10D8;&#x10EE;, 1844-1900, &#x10D0;&#x10D5;&#x10E2;&#x10DD;&#x10E0;&#x10D8;.</subfield>
    <subfield code="9">19491</subfield>
  </datafield>
  <datafield tag="245" ind1=" " ind2=" ">
    <subfield code="a">&#x10D3;&#x10D8;&#x10DD;&#x10DC;&#x10D8;&#x10E1;&#x10D4;&#x10E1; &#x10D3;&#x10D8;&#x10D7;&#x10D8;&#x10E0;&#x10D0;&#x10DB;&#x10D1;&#x10D4;&#x10D1;&#x10D8; = Dionysos-dithyramben /</subfield>
    <subfield code="c">&#x10E4;&#x10E0;&#x10D8;&#x10D3;&#x10E0;&#x10D8;&#x10EE; &#x10DC;&#x10D8;&#x10EA;&#x10E8;&#x10D4; ; &#x10D2;&#x10D4;&#x10E0;&#x10DB;&#x10D0;&#x10DC;&#x10E3;&#x10DA;&#x10D8;&#x10D3;&#x10D0;&#x10DC; &#x10D7;&#x10D0;&#x10E0;&#x10D2;&#x10DB;&#x10DC;&#x10D0; &#x10D3;&#x10D0;&#x10D7;&#x10DD; &#x10D1;&#x10D0;&#x10E0;&#x10D1;&#x10D0;&#x10E5;&#x10D0;&#x10EB;&#x10D4;&#x10DB;.</subfield>
  </datafield>
  <datafield tag="264" ind1=" " ind2=" ">
    <subfield code="a">&#x10D7;&#x10D1;&#x10D8;&#x10DA;&#x10D8;&#x10E1;&#x10D8; : </subfield>
    <subfield code="b"> &#x10DB;&#x10D4;&#x10E0;&#x10EC;&#x10E7;&#x10E3;&#x10DA;&#x10D8;,</subfield>
    <subfield code="c">2022.</subfield>
  </datafield>
  <datafield tag="300" ind1=" " ind2=" ">
    <subfield code="a">96 &#x10D2;&#x10D5;. ;</subfield>
    <subfield code="b"> 14 &#x10E1;&#x10DB;.</subfield>
  </datafield>
  <datafield tag="500" ind1=" " ind2=" ">
    <subfield code="a">&#x10E7;&#x10D3;&#x10D0;&#x10D6;&#x10D4;: &#x10DA;&#x10D4;&#x10DD;&#x10DE;&#x10D0;&#x10E0;&#x10D3;&#x10D6;&#x10D4; &#x10D0;&#x10DB;&#x10EE;&#x10D4;&#x10D3;&#x10E0;&#x10D4;&#x10D1;&#x10E3;&#x10DA;&#x10D8; &#x10D3;&#x10D8;&#x10DD;&#x10DC;&#x10D8;&#x10E1;&#x10D4;&#x10E1; &#x10DB;&#x10DD;&#x10D6;&#x10D0;&#x10D8;&#x10D9;&#x10E3;&#x10E0;&#x10D8; &#x10D2;&#x10D0;&#x10DB;&#x10DD;&#x10E1;&#x10D0;&#x10EE;&#x10E3;&#x10DA;&#x10D4;&#x10D1;&#x10D0; &#x10F0;&#x10D4;&#x10DA;&#x10DA;&#x10D0;&#x10D3;&#x10D0;&#x10DC; (&#x10E9;&#x10D5;. &#x10EC;-&#x10DB;&#x10D3;&#x10D4; IV &#x10E1;.)</subfield>
  </datafield>
  <datafield tag="546" ind1=" " ind2=" ">
    <subfield code="a">&#x10E2;&#x10D4;&#x10E5;&#x10E1;&#x10E2;&#x10D8; &#x10E5;&#x10D0;&#x10E0;&#x10D7;&#x10E3;&#x10DA; &#x10D3;&#x10D0; &#x10D2;&#x10D4;&#x10E0;&#x10DB;&#x10D0;&#x10DC;&#x10E3;&#x10DA; &#x10D4;&#x10DC;&#x10D4;&#x10D1;&#x10D6;&#x10D4;.</subfield>
  </datafield>
  <datafield tag="700" ind1=" " ind2=" ">
    <subfield code="a">&#x10D1;&#x10D0;&#x10E0;&#x10D1;&#x10D0;&#x10E5;&#x10D0;&#x10EB;&#x10D4;, &#x10D3;&#x10D0;&#x10D7;&#x10DD;</subfield>
    <subfield code="e">&#x10DB;&#x10D7;&#x10D0;&#x10E0;&#x10D2;&#x10DB;&#x10DC;&#x10D4;&#x10DA;&#x10D8;</subfield>
    <subfield code="9">19492</subfield>
  </datafield>
  <datafield tag="773" ind1=" " ind2=" ">
    <subfield code="t">&#x10DC;&#x10D0;&#x10E9;&#x10E3;&#x10E5;&#x10D0;&#x10E0;&#x10D8;</subfield>
  </datafield>
  <datafield tag="856" ind1=" " ind2=" ">
    <subfield code="u">https://dspace.nplg.gov.ge/bitstream/1234/422514/1/Dionises_Ditirambebi.pdf</subfield>
    <subfield code="y">&#x10D4;&#x10DA;&#x10D4;&#x10E5;&#x10E2;&#x10E0;&#x10DD;&#x10DC;&#x10E3;&#x10DA;&#x10D8; &#x10D5;&#x10D4;&#x10E0;&#x10E1;&#x10D8;&#x10D0;</subfield>
  </datafield>
  <datafield tag="942" ind1=" " ind2=" ">
    <subfield code="2">udc</subfield>
    <subfield code="c">BK</subfield>
  </datafield>
  <datafield tag="952" ind1=" " ind2=" ">
    <subfield code="0">0</subfield>
    <subfield code="1">0</subfield>
    <subfield code="2">udc</subfield>
    <subfield code="4">0</subfield>
    <subfield code="6">8211122033531_&#x10DC;75</subfield>
    <subfield code="7">0</subfield>
    <subfield code="9">95527</subfield>
    <subfield code="a">CPL</subfield>
    <subfield code="b">CPL</subfield>
    <subfield code="c">GEN</subfield>
    <subfield code="d">2023-07-24</subfield>
    <subfield code="g">5.00</subfield>
    <subfield code="o">821.112.2.03=353.1 &#x10DC;-75</subfield>
    <subfield code="p">65019</subfield>
    <subfield code="r">2023-07-24</subfield>
    <subfield code="t">65019</subfield>
    <subfield code="w">2023-07-24</subfield>
    <subfield code="y">BK</subfield>
    <subfield code="z">5.00</subfield>
  </datafield>
  <datafield tag="952" ind1=" " ind2=" ">
    <subfield code="0">0</subfield>
    <subfield code="1">0</subfield>
    <subfield code="2">udc</subfield>
    <subfield code="4">0</subfield>
    <subfield code="6">8211122033531_&#x10DC;75</subfield>
    <subfield code="7">0</subfield>
    <subfield code="9">95528</subfield>
    <subfield code="a">CPL</subfield>
    <subfield code="b">CPL</subfield>
    <subfield code="c">GEN</subfield>
    <subfield code="d">2023-07-24</subfield>
    <subfield code="g">5.00</subfield>
    <subfield code="o">821.112.2.03=353.1 &#x10DC;-75</subfield>
    <subfield code="p">65020</subfield>
    <subfield code="r">2023-07-24</subfield>
    <subfield code="t">65020</subfield>
    <subfield code="w">2023-07-24</subfield>
    <subfield code="y">BK</subfield>
    <subfield code="z">5.00</subfield>
  </datafield>
</record>
